| 000 | 00663nam a2200205 4500 | ||
|---|---|---|---|
| 003 | DO-SdBNP | ||
| 005 | 20180216091240.0 | ||
| 008 | 161123b2009 sp||||| |||| 00| 0 spa d | ||
| 020 | _a9788444101644 | ||
| 040 |
_aBPMSU _bspa _cBPMSU |
||
| 100 | 1 | _aLópez Gómez, Luisa | |
| 245 | 1 | 0 |
_aEl mundo de Cars: _bAprendo con la ca, co, cu, ch / _cLuisa M. López Gómez |
| 260 |
_aCorruña, España : _bEverest , _c2009 |
||
| 300 |
_a24 p. : _bil. : _c23 cm |
||
| 490 | 0 |
_aAprendo con las vocales y los fonemas _v15 |
|
| 830 | 0 |
_aAprendo con las vocales y los fonemas _n15 |
|
| 942 |
_2ddc _cBK |
||
| 945 | _aInventariado, 2018/ YL | ||
| 956 |
_aYLOCKWARD _b10 _cBPMSU |
||
| 999 |
_c12040 _d12040 |
||